| 000 | 00740nam a22002177a 4500 | ||
|---|---|---|---|
| 005 | 20161111105630.0 | ||
| 010 | _aENG-116519 | ||
| 020 |
_a9781604978568 _c1500.00 |
||
| 035 | _aEN-100051 | ||
| 037 | _bDBAD/PUB | ||
| 082 | _a328.54 | ||
| 245 |
_aChina and beyond in the mediaeval period : _cedited by Dorothy C., Wong [and] Gustav Heldt _bcultural crossings and inter-regional connections / |
||
| 260 |
_aNew Delhi _bManohar Publisher & Distributors _c2014 |
||
| 270 |
_a4753/23 Ansari Road,Daryaganj _bNew Delhi _e110002 |
||
| 300 |
_a443p.: _c22cm (Hb) _bill (maps) |
||
| 500 | _aIncludes index | ||
| 700 | _aDorothy C. | ||
| 700 | _aWong | ||
| 700 | _a Heldt,Gustav | ||
| 942 |
_2ddc _cEN _h303.4825100902 _mCHI |
||
| 999 |
_c104588 _d104588 |
||